[Event "Bundesliga 2022-23"]
[Site "Muelheim GER"]
[Date "2023.02.26"]
[Round "9.5"]
[Board "6"]
[White "Gumularz, Szymon"]
[Black "Smeets, Jan"]
[Result "1-0"]
[WhiteTitle "GM"]
[BlackTitle "GM"]
[WhiteElo "2546"]
[BlackElo "2552"]
[WhiteTeam "SK Doppelbauer Turm Kiel"]
[BlackTeam "SG Solingen"]
[WhiteFideId "1188062"]
[BlackFideId "1007246"]
[EventDate "2022.10.22"]

1. c4 e5 2. d3 Bb4+ 3. Nd2 a5 4. Nf3 d6 5. e3 Nf6 6. Be2 O-O 7. O-O a4 8. Nb1 e4
9. Ne1 Qe8 10. d4 Bf5 11. Nc2 Ba5 12. b4 axb3 13. axb3 c5 14. Nc3 Nc6 15. Nb5
Qe7 16. Bb2 Rfd8 17. Ra4 b6 18. Qa1 h5 19. d5 Ne5 20. Nxd6 Nf3+ 21. Bxf3 Rxd6
22. Be2 Re8 23. b4 cxb4 24. Nd4 Bd7 25. Rxa5 bxa5 26. Qxa5 Rb8 27. Ra1 Ng4 28.
Bxg4 hxg4 29. Qc5 Qe5 30. Nb3 Qxb2 31. Qxd6 Rb7 32. c5 Ba4 33. c6 Bxb3 34. Rf1
Ra7 35. Qb8+ 1-0

[Event "Bundesliga 2022-23"]
[Site "Muelheim GER"]
[Date "2023.02.26"]
[Round "9.5"]
[Board "7"]
[White "Handke, Florian"]
[Black "Barseghyan, Armen Ar."]
[Result "1-0"]
[WhiteTitle "GM"]
[BlackTitle "IM"]
[WhiteElo "2526"]
[BlackElo "2402"]
[WhiteTeam "SG Solingen"]
[BlackTeam "SK Doppelbauer Turm Kiel"]
[WhiteFideId "4634527"]
[BlackFideId "13306707"]
[EventDate "2022.10.22"]

1. e4 e5 2. Nf3 Nc6 3. Bc4 Nf6 4. d3 Be7 5. O-O O-O 6. Re1 d6 7. a4 Na5 8. Ba2
c5 9. Nbd2 Nc6 10. c3 Be6 11. Nf1 Bxa2 12. Rxa2 Re8 13. Bg5 Ng4 14. Bd2 d5 15.
Qb3 dxe4 16. Rxe4 Nf6 17. Nxe5 Nxe5 18. Rxe5 Qxd3 19. Ra1 Ng4 20. Rd5 Qe2 21.
Rf5 Qe6 22. Qxe6 fxe6 23. Rf4 Ne5 24. Re4 Nd3 25. Rb1 Bf6 26. Be3 b6 27. Nd2 a6
28. g4 h6 29. Nf3 b5 30. h4 Kf7 31. g5 hxg5 32. hxg5 Be7 33. b3 Rab8 34. Rd1 c4
35. axb5 axb5 36. bxc4 bxc4 37. Rxc4 Nb2 38. Rf4+ Kg8 39. Rd7 Rbc8 40. Re4 Bf8
41. Ne5 Rxc3 42. Ng6 Rc4 43. Bd4 Nd3 44. Rh4 1-0

[Event "Bundesliga 2022-23"]
[Site "Muelheim GER"]
[Date "2023.02.26"]
[Round "9.5"]
[Board "8"]
[White "Pajeken, Jakob Leon"]
[Black "Naumann, Alexander"]
[Result "1/2-1/2"]
[WhiteTitle "IM"]
[BlackTitle "GM"]
[WhiteElo "2461"]
[BlackElo "2513"]
[WhiteTeam "SK Doppelbauer Turm Kiel"]
[BlackTeam "SG Solingen"]
[WhiteFideId "12942839"]
[BlackFideId "4623169"]
[EventDate "2022.10.22"]

1. e4 e5 2. Nf3 Nc6 3. Bb5 a6 4. Ba4 Nf6 5. d3 b5 6. Bb3 Bc5 7. Nc3 d6 8. Nd5 h6
9. c3 Be6 10. Nxf6+ Qxf6 11. O-O Bxb3 12. axb3 O-O 13. b4 Bb6 14. Be3 Ne7 15.
Bxb6 cxb6 16. Qe2 a5 17. d4 exd4 18. cxd4 Nc6 19. bxa5 bxa5 20. e5 Qf4 21. Qxb5
Nxd4 22. Nxd4 Qxd4 23. exd6 Qxd6 24. Rxa5 Rab8 25. Qe5 1/2-1/2

[Event "Bundesliga 2022-23"]
[Site "Muelheim GER"]
[Date "2023.02.26"]
[Round "9.6"]
[Board "1"]
[White "Nguyen, Thai Dai Van"]
[Black "Grandelius, Nils"]
[Result "1/2-1/2"]
[WhiteTitle "GM"]
[BlackTitle "GM"]
[WhiteElo "2634"]
[BlackElo "2651"]
[WhiteTeam "SV Muelheim Nord"]
[BlackTeam "Hamburger SK"]
[WhiteFideId "358878"]
[BlackFideId "1710400"]
[EventDate "2022.10.22"]

1. e4 c5 2. Nf3 e6 3. d4 cxd4 4. Nxd4 Nc6 5. Bf4 d6 6. Nxc6 bxc6 7. Bd3 Rb8 8.
Nd2 e5 9. Be3 d5 10. exd5 cxd5 11. Qe2 Bd6 12. Bxa7 Rb7 13. Be3 Ne7 14. Bb5+ Bd7
15. Bxd7+ Rxd7 16. Nb3 O-O 17. O-O d4 18. Bd2 Ng6 19. c3 dxc3 20. bxc3 f5 21. c4
e4 22. c5 Bc7 23. Rad1 Ne5 24. Ba5 Bxa5 25. Rxd7 Qxd7 26. Nxa5 Qd5 27. Nb3 Rd8
28. Qe3 h6 29. h3 Nd3 30. f3 Ra8 31. fxe4 1/2-1/2

[Event "Bundesliga 2022-23"]
[Site "Muelheim GER"]
[Date "2023.02.26"]
[Round "9.6"]
[Board "2"]
[White "Svane, Rasmus"]
[Black "Fridman, Daniel"]
[Result "1/2-1/2"]
[WhiteTitle "GM"]
[BlackTitle "GM"]
[WhiteElo "2615"]
[BlackElo "2603"]
[WhiteTeam "Hamburger SK"]
[BlackTeam "SV Muelheim Nord"]
[WhiteFideId "4657101"]
[BlackFideId "11600454"]
[EventDate "2022.10.22"]

1. d4 d5 2. c4 e6 3. Nf3 Nf6 4. Nc3 c6 5. Bg5 Nbd7 6. e3 Be7 7. Qc2 h6 8. Bh4
O-O 9. a3 b6 10. cxd5 cxd5 11. Bd3 Bb7 12. O-O Rc8 13. Nd2 a6 14. a4 Nb8 15.
Rfc1 Nc6 16. Be2 Ne8 17. Bxe7 Qxe7 18. Qb3 Qd8 19. Qa3 Nf6 20. b4 Qd6 21. Rcb1
Nd7 22. b5 1/2-1/2

[Event "Bundesliga 2022-23"]
[Site "Muelheim GER"]
[Date "2023.02.26"]
[Round "9.6"]
[Board "3"]
[White "Neiksans, Arturs"]
[Black "Papp, Gabor1"]
[Result "1/2-1/2"]
[WhiteTitle "GM"]
[BlackTitle "GM"]
[WhiteElo "2594"]
[BlackElo "2564"]
[WhiteTeam "SV Muelheim Nord"]
[BlackTeam "Hamburger SK"]
[WhiteFideId "11601388"]
[BlackFideId "718602"]
[EventDate "2022.10.22"]

1. e4 e5 2. Nf3 Nc6 3. Nc3 Nf6 4. d4 exd4 5. Nxd4 Bb4 6. Nxc6 bxc6 7. Bd3 d5 8.
exd5 O-O 9. O-O cxd5 10. Bg5 c6 11. Qf3 Rb8 12. Rae1 Be6 13. Qg3 Re8 14. h3 Be7
15. Nd1 c5 16. c3 c4 17. Be2 d4 18. cxd4 Qxd4 19. Be3 Qd7 20. Bf4 Rb6 21. Bf3
Bd6 1/2-1/2

[Event "Bundesliga 2022-23"]
[Site "Muelheim GER"]
[Date "2023.02.26"]
[Round "9.6"]
[Board "4"]
[White "Svane, Frederik"]
[Black "Tregubov, Pavel V."]
[Result "1-0"]
[WhiteTitle "GM"]
[BlackTitle "GM"]
[WhiteElo "2566"]
[BlackElo "2548"]
[WhiteTeam "Hamburger SK"]
[BlackTeam "SV Muelheim Nord"]
[WhiteFideId "12923044"]
[BlackFideId "4115341"]
[EventDate "2022.10.22"]

1. e4 e5 2. Nf3 Nf6 3. Nxe5 d6 4. Nf3 Nxe4 5. d4 d5 6. Bd3 Bd6 7. O-O O-O 8. Re1
Bf5 9. c4 c6 10. Qb3 Na6 11. cxd5 cxd5 12. Nc3 Be6 13. a3 Nc7 14. Be3 f5 15.
Rac1 Kh8 16. Qd1 Bg8 17. Bf1 Ne6 18. h3 Bc7 19. Rc2 Rc8 20. Na4 Qf6 21. Nc5 f4
22. Bc1 N6xc5 23. dxc5 b6 24. c6 Bb8 25. Bb5 h6 26. b4 Nc3 27. Bb2 Nxd1 28. Bxf6
Rxf6 29. Rxd1 a6 30. Bxa6 Rfxc6 31. Rxc6 Rxc6 32. Bb7 Rd6 33. a4 Bc7 34. Nd4 Rd7
35. Nb5 f3 36. Bc6 Re7 37. gxf3 Bd8 38. Bxd5 Bxd5 39. Rxd5 Re1+ 40. Kg2 Be7 41.
a5 bxa5 42. bxa5 Ra1 43. Nd4 Bh4 44. f4 Ra2 45. Kf3 Bxf2 46. Ne6 Bh4 47. Kg4 Bf6
48. Kf5 Kh7 49. Nf8+ Kg8 50. Ng6 Kh7 51. Ne5 Ra3 52. Nc6 h5 53. Ke6 Kh6 54. Rb5
h4 55. Kf7 Rxh3 56. a6 Ra3 57. a7 Bd4 58. Rb8 1-0

[Event "Bundesliga 2022-23"]
[Site "Muelheim GER"]
[Date "2023.02.26"]
[Round "9.6"]
[Board "5"]
[White "Beerdsen, Thomas"]
[Black "Ernst, Sipke"]
[Result "0-1"]
[WhiteTitle "IM"]
[BlackTitle "GM"]
[WhiteElo "2521"]
[BlackElo "2538"]
[WhiteTeam "SV Muelheim Nord"]
[BlackTeam "Hamburger SK"]
[WhiteFideId "1030108"]
[BlackFideId "1004689"]
[EventDate "2022.10.22"]

1. e4 e5 2. Nc3 Nf6 3. f4 d5 4. fxe5 Nxe4 5. Nf3 Be7 6. d4 c5 7. Bd3 Nxc3 8.
bxc3 c4 9. Be2 Nc6 10. O-O h6 11. Rb1 Qa5 12. Qe1 Qxa2 13. Rb2 Qa5 14. Qg3 Be6
15. Rxb7 O-O-O 16. Rb1 Qxc3 17. Bd2 Qxc2 18. Rfc1 Qg6 19. Qe1 Bf5 20. Rb5 Be4
21. Be3 Kc7 22. Bf4 Rb8 23. e6+ Bd6 24. Bxd6+ Kxd6 25. Nh4 Qxe6 26. Qg3+ Kd7 27.
Rc5 g5 28. Nf3 Rb3 29. Qf2 Rb2 30. Ne5+ Nxe5 31. dxe5 Rhb8 32. Rf1 Rd2 33. Ra1
Ke8 34. Rc7 Rxe2 35. Qc5 Rxg2+ 36. Kf1 Rgb2 37. Raxa7 Bd3+ 0-1

[Event "Bundesliga 2022-23"]
[Site "Muelheim GER"]
[Date "2023.02.26"]
[Round "9.6"]
[Board "6"]
[White "Heinemann, Thies"]
[Black "Vrolijk, Liam"]
[Result "0-1"]
[WhiteTitle "GM"]
[BlackTitle "IM"]
[WhiteElo "2484"]
[BlackElo "2483"]
[WhiteTeam "Hamburger SK"]
[BlackTeam "SV Muelheim Nord"]
[WhiteFideId "4601556"]
[BlackFideId "1048333"]
[EventDate "2022.10.22"]

1. e4 c5 2. Nf3 d6 3. Bb5+ Nd7 4. d4 cxd4 5. Qxd4 a6 6. Bxd7+ Bxd7 7. c4 e5 8.
Qd3 b5 9. Na3 Qb6 10. O-O Qb7 11. Re1 h6 12. Nd2 Nf6 13. f3 Be7 14. Nf1 O-O 15.
Ne3 Rfc8 16. Bd2 b4 17. Nac2 a5 18. b3 Bf8 19. Red1 Be6 20. Be1 g6 21. Qf1 Be7
22. Bh4 Rd8 23. Qe1 Kg7 24. Rd3 Nh5 25. Nd5 Bxd5 26. Rxd5 Bxh4 27. Qxh4 Nf4 28.
Rb5 Qc7 29. Qf2 Rdb8 30. Rxb8 Qxb8 31. Qe3 a4 32. g3 Ne6 33. f4 axb3 34. axb3
Rxa1+ 35. Nxa1 Nd4 36. Qf2 Qa8 37. Nc2 Qxe4 38. Nxb4 Qb1+ 39. Kg2 Qxb3 40. fxe5
dxe5 41. Nd5 f5 42. Qe1 Qc2+ 43. Kh3 Nf3 44. Qh1 Ng5+ 45. Kh4 Qxc4+ 0-1

[Event "Bundesliga 2022-23"]
[Site "Muelheim GER"]
[Date "2023.02.26"]
[Round "9.6"]
[Board "7"]
[White "Buckels, Valentin"]
[Black "Zwirs, Nico"]
[Result "1-0"]
[WhiteTitle "IM"]
[BlackTitle "IM"]
[WhiteElo "2456"]
[BlackElo "2481"]
[WhiteTeam "SV Muelheim Nord"]
[BlackTeam "Hamburger SK"]
[WhiteFideId "12942766"]
[BlackFideId "1036432"]
[EventDate "2022.10.22"]

1. d4 d5 2. Nf3 Nf6 3. c4 e6 4. g3 Bb4+ 5. Nbd2 O-O 6. Bg2 b6 7. O-O Bb7 8. Ne5
Nbd7 9. Qa4 Bxd2 10. Bxd2 Nxe5 11. dxe5 Nd7 12. Rfd1 Nxe5 13. Bc3 f6 14. cxd5
exd5 15. Qb3 c6 16. e4 Qd6 17. exd5 c5 18. Re1 Rfe8 19. Bxe5 fxe5 20. Re3 Rad8
21. Rd1 Kh8 22. Qc3 Re7 23. a3 h6 24. Be4 Rf8 25. Rf3 Ref7 26. Rxf7 Rxf7 27. Re1
b5 28. Bg2 Re7 29. Qd3 c4 30. Qf5 Qf6 31. Qxf6 gxf6 32. f4 Rd7 33. fxe5 fxe5 34.
Rxe5 Kg7 35. Kf2 Kf6 36. Re6+ Kg7 37. Re5 Kf6 38. Rh5 Kg6 39. g4 a5 40. Be4+ Kg7
41. g5 Rf7+ 42. Ke3 hxg5 43. Rxg5+ Kf8 44. Kd4 Bc8 45. d6 Bd7 46. Bd5 Rg7 47.
Rxg7 Kxg7 48. Kc5 Kf6 49. Bc6 b4 50. Bxd7 c3 51. Ba4 cxb2 52. Bc2 bxa3 53. Bb1 1-0

[Event "Bundesliga 2022-23"]
[Site "Muelheim GER"]
[Date "2023.02.26"]
[Round "9.6"]
[Board "8"]
[White "Kramer, Julian"]
[Black "Hausrath, Daniel"]
[Result "1/2-1/2"]
[WhiteTitle "IM"]
[BlackTitle "GM"]
[WhiteElo "2467"]
[BlackElo "2465"]
[WhiteTeam "Hamburger SK"]
[BlackTeam "SV Muelheim Nord"]
[WhiteFideId "12921742"]
[BlackFideId "4617495"]
[EventDate "2022.10.22"]

1. e4 c5 2. Nf3 Nc6 3. Bb5 Nf6 4. Nc3 Qc7 5. O-O Nd4 6. Re1 e5 7. Bc4 Be7 8. a4
d6 9. d3 O-O 10. Nd2 Bg4 11. f3 Be6 12. Nf1 a6 13. Ne3 Qd8 14. Bd2 Rb8 15. a5
Kh8 16. Ned5 Nxd5 17. exd5 Bf5 18. Ne2 Nxe2+ 19. Qxe2 Bg5 20. Reb1 Bf4 21. Qf2
Qg5 22. Rd1 h5 23. Rab1 b5 24. axb6 Rxb6 25. b3 a5 26. Ra1 Ra8 27. h4 Qh6 28. g3
Bxd2 29. Qxd2 Qxd2 30. Rxd2 Bd7 31. Ra3 Kg8 32. Rd1 Rb7 33. Rda1 Rba7 34. Kf2 1/2-1/2

[Event "Bundesliga 2022-23"]
[Site "Viernheim GER"]
[Date "2023.02.26"]
[Round "9.7"]
[Board "1"]
[White "Gledura, Benjamin"]
[Black "Schroeder, Jan-Christian"]
[Result "1-0"]
[WhiteTitle "GM"]
[BlackTitle "GM"]
[WhiteElo "2637"]
[BlackElo "2544"]
[WhiteTeam "SC Remagen Sinzig"]
[BlackTeam "SF Berlin"]
[WhiteFideId "712779"]
[BlackFideId "24662259"]
[EventDate "2022.10.22"]

1. e4 e5 2. Nf3 Nc6 3. Bc4 Nf6 4. d3 Bc5 5. c3 d6 6. O-O h6 7. Nbd2 O-O 8. Re1
a5 9. h3 Bb6 10. Nf1 a4 11. Ng3 Bd7 12. Bb5 Ne7 13. Bxd7 Qxd7 14. d4 Qb5 15. Nh4
Ng6 16. Nhf5 Nf4 17. Qf3 a3 18. b3 Qd3 19. Be3 Qxc3 20. Rac1 Qb4 21. Red1 Kh8
22. Bxf4 exf4 23. Qxf4 Ng8 24. Nxg7 Bxd4 25. N7f5 Be5 26. Qg4 Rae8 27. f4 Bf6
28. Nh5 1-0

[Event "Bundesliga 2022-23"]
[Site "Viernheim GER"]
[Date "2023.02.26"]
[Round "9.7"]
[Board "2"]
[White "Piorun, Kacper"]
[Black "Plat, Vojtech"]
[Result "1/2-1/2"]
[WhiteTitle "GM"]
[BlackTitle "GM"]
[WhiteElo "2611"]
[BlackElo "2546"]
[WhiteTeam "SF Berlin"]
[BlackTeam "SC Remagen Sinzig"]
[WhiteFideId "1130420"]
[BlackFideId "325740"]
[EventDate "2022.10.22"]

1. Nf3 Nf6 2. g3 g6 3. Bg2 Bg7 4. O-O O-O 5. d4 d5 6. Nbd2 Ne4 7. c3 c5 8. dxc5
Nxc5 9. Nb3 Ne4 10. Be3 Nc6 11. Qc1 Nd6 12. Rd1 e6 13. Bc5 b6 14. Bxd6 Qxd6 15.
e4 Bb7 16. Qe3 Rad8 17. Rd2 Rfe8 18. exd5 exd5 19. Qd3 Qe7 20. Nbd4 Na5 21. Re2
Qd7 22. Rxe8+ Rxe8 23. Nd2 Nc6 24. Nxc6 Bxc6 25. Nb3 Bb5 26. Qd1 Bc4 27. Nd4 Qd6
28. Qd2 Qc5 29. h4 a5 30. h5 Re5 31. hxg6 hxg6 32. Bf3 Re8 33. Kg2 b5 34. Rd1 b4
35. cxb4 axb4 36. b3 Ba6 37. Nc2 Qc3 38. Qxc3 bxc3 39. Rxd5 Bb7 40. Rd7 Re2 41.
Rxb7 Rxc2 42. Bd5 Rxa2 43. Bxf7+ Kh7 44. Rb6 1/2-1/2

[Event "Bundesliga 2022-23"]
[Site "Viernheim GER"]
[Date "2023.02.26"]
[Round "9.7"]
[Board "3"]
[White "Pavlidis, Antonios"]
[Black "Tomczak, Jacek"]
[Result "1/2-1/2"]
[WhiteTitle "GM"]
[BlackTitle "GM"]
[WhiteElo "2550"]
[BlackElo "2595"]
[WhiteTeam "SC Remagen Sinzig"]
[BlackTeam "SF Berlin"]
[WhiteFideId "4212312"]
[BlackFideId "1124668"]
[EventDate "2022.10.22"]

1. e4 c6 2. Nc3 d5 3. Nf3 dxe4 4. Nxe4 Nf6 5. Qe2 Nxe4 6. Qxe4 Nd7 7. Bc4 Nf6 8.
Ne5 e6 9. Qe2 b5 10. Bb3 Qc7 11. d4 Bd6 12. a4 b4 13. Bf4 O-O 14. O-O Bb7 15.
Rad1 c5 16. dxc5 Qxc5 17. Nd7 Nxd7 18. Bxd6 Qc6 19. Qg4 Nf6 20. Qh3 Rfd8 21. Be7
Rxd1 1/2-1/2

[Event "Bundesliga 2022-23"]
[Site "Viernheim GER"]
[Date "2023.02.26"]
[Round "9.7"]
[Board "4"]
[White "Kraemer, Martin"]
[Black "Burg, Twan"]
[Result "1/2-1/2"]
[WhiteTitle "GM"]
[BlackTitle "GM"]
[WhiteElo "2579"]
[BlackElo "2511"]
[WhiteTeam "SF Berlin"]
[BlackTeam "SC Remagen Sinzig"]
[WhiteFideId "4671910"]
[BlackFideId "1010697"]
[EventDate "2022.10.22"]

1. d4 Nf6 2. c4 e6 3. Nf3 d5 4. Nc3 Be7 5. Bf4 O-O 6. e3 Nbd7 7. c5 c6 8. h3 b6
9. b4 a5 10. a3 Ba6 11. Bxa6 Rxa6 12. O-O Qc8 13. Qc2 Qb7 14. Nd2 Ra7 15. Nb3
axb4 16. axb4 Rfa8 17. Rab1 Qa6 18. Rfc1 bxc5 19. bxc5 Bd8 20. Nd2 Bc7 21. Bxc7
Rxc7 22. f4 Rb7 23. Rxb7 Qxb7 24. Rb1 Qc8 25. Nf3 Qa6 26. Ne5 Nxe5 27. fxe5 Nd7
28. Ne2 Rb8 29. Rxb8+ Nxb8 30. Qb1 Nd7 31. Nf4 Qa3 32. Kf2 Qa6 33. Qb3 Kf8 34.
e4 dxe4 35. Ke3 Ke7 36. Kxe4 Qf1 37. Qg3 Qb1+ 38. Ke3 Qg1+ 39. Kd3 Qd1+ 40. Ke3
Qg1+ 41. Qf2 Qxf2+ 42. Kxf2 f6 43. Nd3 fxe5 44. dxe5 Nb8 45. Nb4 Nd7 46. Nd3 Nb8
47. Ke3 Na6 48. Ke4 1/2-1/2

[Event "Bundesliga 2022-23"]
[Site "Viernheim GER"]
[Date "2023.02.26"]
[Round "9.7"]
[Board "5"]
[White "Cyborowski, Lukasz"]
[Black "Seyb, Alexander"]
[Result "1-0"]
[WhiteTitle "GM"]
[BlackTitle "IM"]
[WhiteElo "2490"]
[BlackElo "2441"]
[WhiteTeam "SC Remagen Sinzig"]
[BlackTeam "SF Berlin"]
[WhiteFideId "1108760"]
[BlackFideId "4699033"]
[EventDate "2022.10.22"]

1. Nf3 g6 2. e4 d6 3. d4 Nf6 4. Nc3 Bg7 5. Be3 c6 6. Qd2 b5 7. Bd3 O-O 8. h3
Nbd7 9. Ne2 e5 10. dxe5 Nxe5 11. Nxe5 dxe5 12. a4 a6 13. O-O Be6 14. Qc3 Qc8 15.
axb5 axb5 16. Rxa8 Qxa8 17. b3 Rc8 18. Qxe5 c5 19. Bxb5 Nxe4 20. Qf4 g5 21. Qf3
f5 22. Bd3 Rf8 23. Bxe4 fxe4 24. Qg3 Qa6 25. c4 Qb6 26. Bxg5 1-0

[Event "Bundesliga 2022-23"]
[Site "Viernheim GER"]
[Date "2023.02.26"]
[Round "9.7"]
[Board "6"]
[White "Schmidek, Emil"]
[Black "Jaracz, Pawel"]
[Result "1/2-1/2"]
[WhiteTitle "IM"]
[BlackTitle "GM"]
[WhiteElo "2414"]
[BlackElo "2463"]
[WhiteTeam "SF Berlin"]
[BlackTeam "SC Remagen Sinzig"]
[WhiteFideId "12908150"]
[BlackFideId "1102222"]
[EventDate "2022.10.22"]

1. d4 Nf6 2. c4 e6 3. Nc3 Bb4 4. Bd2 O-O 5. Nf3 d5 6. e3 Nbd7 7. Rc1 Be7 8. Bd3
dxc4 9. Bxc4 a6 10. a4 c5 11. O-O cxd4 12. exd4 Nb6 13. Ba2 Nbd5 14. Bg5 Nxc3
15. bxc3 b5 16. Re1 Bb7 17. Bb1 bxa4 18. Ne5 a3 19. c4 g6 20. Qd3 Nd7 21. Bxe7
Qxe7 22. Nf3 Qb4 23. Re3 Bxf3 24. Rxf3 e5 25. Qxa3 Rab8 26. Qxb4 Rxb4 27. dxe5
Rfb8 28. Be4 Nxe5 29. Rfc3 Kg7 30. Bd5 Rc8 31. g3 Nd7 32. Ra3 Nb6 33. Rca1 1/2-1/2

[Event "Bundesliga 2022-23"]
[Site "Viernheim GER"]
[Date "2023.02.26"]
[Round "9.7"]
[Board "7"]
[White "Dgebuadze, Alexandre"]
[Black "Thiede, Lars"]
[Result "1-0"]
[WhiteTitle "GM"]
[BlackTitle "IM"]
[WhiteElo "2430"]
[BlackElo "2399"]
[WhiteTeam "SC Remagen Sinzig"]
[BlackTeam "SF Berlin"]
[WhiteFideId "203882"]
[BlackFideId "4607759"]
[EventDate "2022.10.22"]

1. e4 g6 2. d4 Bg7 3. Nc3 d6 4. Be3 a6 5. Qd2 Nf6 6. Be2 b5 7. Bh6 O-O 8. Bxg7
Kxg7 9. O-O-O b4 10. Nd5 Nxe4 11. Qe3 Bb7 12. Nxb4 a5 13. Nd3 Nd7 14. Bf3 Ndf6
15. g4 h6 16. h4 d5 17. g5 hxg5 18. hxg5 Nh7 19. Bxe4 dxe4 20. Nc5 Qd5 21. Ne2
Rab8 22. Nc3 Qf5 23. d5 Nxg5 24. N3xe4 Nxe4 25. Qh6+ Kf6 26. Nxe4+ Qxe4 27. Rh4
Qg2 28. Qf4+ Kg7 29. Rh2 Bxd5 30. Qh6+ Kf6 31. Rxg2 Bxg2 32. f3 Rh8 33. Qd2 Bh3
34. Qc3+ e5 35. f4 Be6 36. Qxe5+ Ke7 37. Qxc7+ Kf6 38. Qxa5 Rhc8 39. Qe5+ Ke7
40. Qd6+ Kf6 41. b3 Rb7 42. Qe5+ Ke7 43. c4 Ra8 44. Qc5+ Kf6 45. Rh1 Rxa2 46.
Qg5+ Kg7 47. Qh6+ Kf6 48. Qh4+ Kf5 49. Rh3 Rg2 50. Re3 Rg4 51. Qh3 Kf6 52. Rxe6+ 1-0

[Event "Bundesliga 2022-23"]
[Site "Viernheim GER"]
[Date "2023.02.26"]
[Round "9.7"]
[Board "8"]
[White "Kristoferitsch, Daniel"]
[Black "Geirnaert, Steven"]
[Result "0-1"]
[WhiteTitle "FM"]
[BlackTitle "IM"]
[WhiteElo "2283"]
[BlackElo "2399"]
[WhiteTeam "SF Berlin"]
[BlackTeam "SC Remagen Sinzig"]
[WhiteFideId "1642650"]
[BlackFideId "203866"]
[EventDate "2022.10.22"]

1. d4 Nf6 2. c4 e6 3. Nc3 Bb4 4. Qc2 d5 5. cxd5 exd5 6. Bg5 h6 7. Bh4 O-O 8. e3
c5 9. dxc5 Be6 10. Nf3 Nbd7 11. Be2 Rc8 12. O-O Nxc5 13. a3 Ba5 14. Nd2 Bxc3 15.
Qxc3 Nfe4 16. Bxd8 Nxc3 17. bxc3 Rfxd8 18. Rac1 Rc7 19. g4 Na4 20. Nb1 Rdc8 21.
Rc2 Nxc3 22. Nxc3 Rxc3 23. Rxc3 Rxc3 24. Ra1 b6 25. Kf1 Kf8 26. Bd1 Ke7 27. Ke1
Kd6 28. Kd2 Rc5 29. Be2 Ra5 30. f3 g5 31. Bd1 Ke5 32. Be2 d4 33. Bd3 Bd5 34. Be2
Rc5 0-1

[Event "Bundesliga 2022-23"]
[Site "Viernheim GER"]
[Date "2023.02.26"]
[Round "9.8"]
[Board "1"]
[White "Kryvoruchko, Yuriy"]
[Black "Nisipeanu, Liviu-Dieter"]
[Result "1/2-1/2"]
[WhiteTitle "GM"]
[BlackTitle "GM"]
[WhiteElo "2658"]
[BlackElo "2615"]
[WhiteTeam "SC Viernheim"]
[BlackTeam "USV TU Dresden"]
[WhiteFideId "14109182"]
[BlackFideId "1202758"]
[EventDate "2022.10.22"]

1. e4 c5 2. Nf3 e6 3. c3 d5 4. exd5 Qxd5 5. d4 Nf6 6. Na3 Qd8 7. Bf4 Nc6 8. dxc5
Nd5 9. Bd6 Bxd6 10. cxd6 Qxd6 11. Nb5 Qe7 12. c4 a6 13. cxd5 exd5+ 14. Be2 axb5
15. O-O O-O 16. Bxb5 Bg4 17. Qxd5 Rfd8 18. Qg5 Bxf3 19. Qxe7 Nxe7 20. gxf3 Rd2
21. Rfe1 Rxb2 22. Rxe7 1/2-1/2

[Event "Bundesliga 2022-23"]
[Site "Viernheim GER"]
[Date "2023.02.26"]
[Round "9.8"]
[Board "2"]
[White "Bartel, Mateusz"]
[Black "Korobov, Anton"]
[Result "1/2-1/2"]
[WhiteTitle "GM"]
[BlackTitle "GM"]
[WhiteElo "2630"]
[BlackElo "2672"]
[WhiteTeam "USV TU Dresden"]
[BlackTeam "SC Viernheim"]
[WhiteFideId "1112635"]
[BlackFideId "14105730"]
[EventDate "2022.10.22"]

1. e4 c5 2. Nf3 d6 3. d4 cxd4 4. Nxd4 Nf6 5. Nc3 a6 6. g3 e6 7. Bg2 Be7 8. O-O
O-O 9. Be3 Qc7 10. g4 Nc6 11. g5 Nd7 12. f4 Re8 13. a4 Bf8 14. Qd2 Nxd4 15. Bxd4
b6 16. Qf2 Bb7 17. Rad1 Rac8 18. Rd3 e5 19. fxe5 Nxe5 20. Rh3 Qe7 21. Nd5 Bxd5
22. exd5 g6 23. Bxe5 dxe5 24. d6 Qe6 25. Qh4 h5 26. Rf6 Qg4 27. Qxg4 hxg4 28.
Rb3 Rxc2 29. Bd5 Rd8 30. Rxf7 Rxd6 31. Rf2+ Rxd5 32. Rxc2 Bc5+ 33. Kf1 e4 34.
Rg2 1/2-1/2

[Event "Bundesliga 2022-23"]
[Site "Viernheim GER"]
[Date "2023.02.26"]
[Round "9.8"]
[Board "3"]
[White "Meier, Georg"]
[Black "Michalik, Peter"]
[Result "1/2-1/2"]
[WhiteTitle "GM"]
[BlackTitle "GM"]
[WhiteElo "2613"]
[BlackElo "2558"]
[WhiteTeam "SC Viernheim"]
[BlackTeam "USV TU Dresden"]
[WhiteFideId "4675789"]
[BlackFideId "14907526"]
[EventDate "2022.10.22"]

1. Nf3 d5 2. g3 c5 3. Bg2 Nf6 4. O-O e6 5. d3 Be7 6. e4 Nc6 7. e5 Nd7 8. Re1 b5
9. h4 Bb7 10. c3 a5 11. Bf4 h6 12. h5 Nf8 13. Na3 Na7 14. g4 Nh7 15. Nc2 b4 16.
c4 O-O 17. Ne3 dxc4 18. dxc4 Ng5 19. Bxg5 hxg5 20. Nf1 Qxd1 1/2-1/2

[Event "Bundesliga 2022-23"]
[Site "Viernheim GER"]
[Date "2023.02.26"]
[Round "9.8"]
[Board "4"]
[White "Neef, Maximilian"]
[Black "Wagner, Dennis"]
[Result "1/2-1/2"]
[WhiteTitle "IM"]
[BlackTitle "GM"]
[WhiteElo "2481"]
[BlackElo "2570"]
[WhiteTeam "USV TU Dresden"]
[BlackTeam "SC Viernheim"]
[WhiteFideId "24692085"]
[BlackFideId "24650684"]
[EventDate "2022.10.22"]

1. Nf3 c5 2. c4 Nf6 3. g3 d5 4. cxd5 Nxd5 5. Bg2 Nc6 6. Nc3 g6 7. h4 Bg7 8. h5
Bf5 9. h6 Bf6 10. Nh4 Nxc3 11. bxc3 Be6 12. Nf3 O-O 13. Qa4 Bd5 14. O-O Ne5 15.
Nxe5 Bxe5 16. Rb1 b6 17. c4 Bxg2 18. Kxg2 Qc8 19. Qb3 Qf5 20. Bb2 Bxb2 21. Qxb2
f6 22. d3 Rfd8 23. a4 Rd6 24. a5 Kf7 25. axb6 axb6 26. Ra1 Qc8 1/2-1/2